Bài tập vật lí 7

Wedi'i Gadw mewn:
Manylion Llyfryddiaeth
Awduron Eraill: Nguyễn Phương Hồng, Nguyễn Đức Thâm (ch.b), Đoàn Duy Hinh
Fformat: Llyfr
Iaith:Vietnamese
Cyhoeddwyd: H. Giáo dục 2003
Pynciau:
Tagiau: Ychwanegu Tag
Dim Tagiau, Byddwch y cyntaf i dagio'r cofnod hwn!
Thư viện lưu trữ: Trung tâm Học liệu Lê Vũ Hùng, Trường Đại học Đồng Tháp
LEADER 00978pam a22003138a 4500
001 00030562
005 20171026081025.0
008 130415s2003 ||||||viesd
041 0 # |a vie 
082 1 4 |a 530.076  |b B103T 
245 0 0 |a Bài tập vật lí 7  |c Nguyễn Đức Thâm (ch.b), Đoàn Duy Hinh, Nguyễn Phương Hồng 
260 # # |a H.  |b Giáo dục  |c 2003 
300 # # |a 32 tr.  |b minh họa  |c 24 cm. 
650 # 4 |a Bài tập 
650 # 4 |a Lớp 7 
650 # 4 |a Vật lí 
650 # 4 |a Sách giáo khoa 
700 1 # |a Nguyễn Phương Hồng 
700 1 # |a Nguyễn Đức Thâm  |e ch.b 
700 1 # |a Đoàn Duy Hinh 
852 # # |b Kho giáo trình  |j KGT.0035878 
852 # # |b Kho mượn  |j KGT.0035878, KGT.0052569 
852 # # |j KGT.0035878  |j KGT.0052569 
910 |d 15/04/2013 
980 # # |a Trung tâm Học liệu Lê Vũ Hùng, Trường Đại học Đồng Tháp